| 000 | 00399nam a2200133Ia 4500 | ||
|---|---|---|---|
| 008 | 200103s9999||||xx |||||||||||||| ||und|| | ||
| 040 | _aIMU-MPC | ||
| 082 | _aColumn-53 | ||
| 100 | _aLewis, W. E. and Pryce, D. G. | ||
| 245 | 4 | _aThe application of Matrix Theory to Electrical Engineering | |
| 260 |
_bScience Paperbackes and E. & F. N. Spon Ltd., London _c1965 |
||
| 300 | _axii, 195 | ||
| 942 | _cBK | ||
| 999 |
_c10180 _d10180 |
||